000 00734nam a2200193Ia 4500
008 151121s9999||||xx |||||||||||||| ||und||
082 _a954/लैरी
082 _bHNW-44932
100 _aलैरी कालिन्स
245 _aमाउंट बैटन और भारत का विभाजन
260 _b"सरस्वती विहार , दिल्ली"
260 _c--
300 _a172
600 _aलैरी कालिन्स
630 _aमाउंट बैटन और भारत का विभाजन
700 _aलैरी कालिन्स
730 _aमाउंट बैटन और भारत का विभाजन
942 _cBOOK
999 _c1232272
_d1232269